000 00499nam a2200145Ia 4500
008 100122s9999 xx 000 0 und d
082 _b56797
_a820.9
100 _aकुळकर्णी द भि
245 _aपहिल्यांदा रणांगण
260 _bपॉप्युलर प्रकाशन
_c1999
300 _a276
630 _aपहिल्यांदा रणांगण
730 _aपहिल्यांदा रणांगण
942 _cBOOK
999 _c433146
_d433143